| 000 | 00392nam a2200145Ia 4500 | ||
|---|---|---|---|
| 008 | 230917s9999||||xx |||||||||||||| ||und|| | ||
| 040 |
_e50241 _aMAIN |
||
| 041 | _aEnglish | ||
| 082 | _a821.8 Y34R:S | ||
| 100 | _aRosenthal, M L | ||
| 245 | 0 | _aSailing into the unknown: Yeats, Pound, and Eliot | |
| 260 |
_aNew York _bOxford University Press _c1978 |
||
| 300 | _aviii, 224 p. | ||
| 942 | _cBK | ||
| 999 |
_c191536 _d191536 |
||